Children and youth in sport : (Record no. 12924)
[ view plain ]
| 000 -LEADER | |
|---|---|
| fixed length control field | 00536cam a2200193 a 4500 |
| 020 ## - INTERNATIONAL STANDARD BOOK NUMBER | |
| ISBN | 0697224902 |
| 020 ## - INTERNATIONAL STANDARD BOOK NUMBER | |
| ISBN | 9780697224903 |
| 040 ## - CATALOGING SOURCE | |
| Transcribing agency | DLC |
| 082 00 - DEWEY DECIMAL CLASSIFICATION NUMBER | |
| Classification number | 796 MCG 1996 A085 Or. |
| 245 00 - TITLE STATEMENT | |
| Title | Children and youth in sport : |
| Remainder of title | a biopsychosocial perspective / |
| 300 ## - PHYSICAL DESCRIPTION | |
| Number of Pages | x, 444 pages : |
| Other physical details | illustrations ; |
| Dimensions | 23 cm |
| 650 #0 - SUBJECT ADDED ENTRY--TOPICAL TERM | |
| Topical Term | Sports for children |
| 650 #0 - SUBJECT ADDED ENTRY--TOPICAL TERM | |
| Topical Term | Sports for children |
| 650 #0 - SUBJECT ADDED ENTRY--TOPICAL TERM | |
| Topical Term | Sports for children |
| 650 #0 - SUBJECT ADDED ENTRY--TOPICAL TERM | |
| Topical Term | Sports for children |
| 700 1# - ADDED ENTRY--PERSONAL NAME | |
| Personal name | Smoll, Frank L |
| 700 1# - ADDED ENTRY--PERSONAL NAME | |
| Personal name | Smith, Ronald Edward, |
| 942 ## - ADDED ENTRY ELEMENTS (KOHA) | |
| Koha item type | សៀវភៅភាសាអង់គ្លេស |
| 952 ## - LOCATION AND ITEM INFORMATION (KOHA) | |
| Withdrawn status [LOCAL, KOHA] | 0 |
| Permanent Location | Date acquired | Koha item type | Lost status | Shelving location | Barcode | Current Location | Full call number |
|---|---|---|---|---|---|---|---|
| Library Block A | 2017-08-18 | សៀវភៅភាសាអង់គ្លេស | A088 | A14337 | Library Block A | 796 MCG 1996 A088 Or. |